000 00588nam a2200205 i 4500
001 95109
003 ES-MaACL
005 20260122220233.0
007 t|
008 050523s1969 sp |||| |bspa d
100 1 _aLudwig, Emil.
_974618
245 1 0 _aLincoln /
_cEmil Ludwig ; [traducción de Editorial Juventud].
250 _a1ª ed.
260 _aBarcelona :
_bJuventud,
_c1969.
300 _a507 p. ;
_c18 cm.
600 0 4 _aLincoln, Abraham,
_d1809-1865-
_xBiografías
_972368
710 2 _aEditorial Juventud.
_93443
852 _aES-MaACL
_jC-42503
999 _c95109
_d95109